| 000 | 00942nam a2200217Ia 4500 | ||
|---|---|---|---|
| 999 |
_c38943 _d38943 |
||
| 001 | 5380 | ||
| 003 | GE_BSU | ||
| 005 | 20190624173605.0 | ||
| 008 | 181216s1972|||| |||||||||||||| ||geo|| | ||
| 041 | _ageo | ||
| 080 | _a621.311.1(075.8) ქ-88 | ||
| 100 |
_aქურდიანი, ი. _9465 |
||
| 245 |
_aელექტრული ქსელები და სისტემები : დამხმ. სახელმძღვ. / _cი. ქურდიანი ; გ. ქურცუკიძე. |
||
| 264 |
_aთბილისი : _bგანათლება, _c1972. |
||
| 300 |
_a310 გვ .: _bნახაზ, _c22 სმ.. |
||
| 653 | _aელექტრული ქსელები და სისტემები | ||
| 653 | _aტექნიკა | ||
| 700 |
_aქურცუკიძე, გ. _92845 |
||
| 700 |
_aჯიბლაძე, ზ _eრედაქტორი _92846 |
||
| 942 |
_cBK _2udc |
||